[Event "Kiev Spring op"]
[Site "Kiev"]
[Date "2023.03.29"]
[Round "7"]
[White "Kislinsky, Alexey"]
[Black "Lornye, Pylyp"]
[Result "1-0"]
[WhiteElo "2357"]
[BlackElo "2192"]
[PlyCount "123"]
[EventDate "2023.03.25"]
[EventType "swiss"]
[EventRounds "9"]
[EventCountry "UKR"]
[SourceTitle "EXT 2024"]
[Source "ChessBase"]
[SourceDate "2023.10.10"]
[SourceVersion "1"]
[SourceVersionDate "2023.10.10"]
[SourceQuality "1"]

1. e4 d6 2. d4 Nf6 3. Nc3 g6 4. Nf3 Bg7 5. h3 0-0 6. Be3 c6 7. a4 Nbd7 8. a5 e5 9. dxe5 dxe5 10. Qd6 Ne8 11. Qa3 Nc7 12. Bc4 b5 13. Bb3 Na6 14. Qd6 Qf6 15. Rd1 Qxd6 16. Rxd6 Nac5 17. Bxc5 Nxc5 18. Rxc6 Nxb3 19. cxb3 a6 20. 0-0 Rd8 21. Nd5 Bb7 22. Ne7+ Kf8 23. Rc7 Bxe4 24. Ng5 Bf6 25. Nxh7+ Kg7 26. Nxf6 Kxf6 27. Re1 Bd5 28. b4 Bc4 29. Nc6 Rd5 30. Re3 Re8 31. Kh2 e4 32. b3 Bd3 33. Re1 Re6 34. Rc1 e3 35. fxe3 Rxe3 36. Nb8 Rg5 37. Nd7+ Kg7 38. R1c5 Kh6 39. Rxg5 Kxg5 40. Rc3 Kf4 41. Nc5 Be4 42. Rxe3 Kxe3 43. Nxa6 Kd4 44. Nc7 Kc3 45. Nxb5+ Kxb4 46. Nd6 Bd5 47. a6 Kc5 48. Nc4 Kb5 49. a7 Ka6 50. Ne3 Bc6 51. Kg3 Kxa7 52. Kf4 f6 53. h4 Kb6 54. g4 Kc5 55. h5 gxh5 56. gxh5 Be8 57. h6 Bg6 58. Ng4 Kb4 59. Nxf6 Kxb3 60. Kg5 Bd3 61. Nd5 Be4 62. Ne7 1-0

[Event "Barcelona Sant Marti op 21st"]
[Site "Barcelona"]
[Date "2019.07.19"]
[Round "7"]
[White "Lornye, Pylyp"]
[Black "Stella, Andrea"]
[Result "1-0"]
[WhiteElo "2283"]
[BlackElo "2511"]
[PlyCount "59"]
[EventDate "2019.07.13"]
[EventType "swiss"]
[EventRounds "9"]
[EventCountry "ESP"]
[SourceTitle "EXT 2020"]
[Source "ChessBase"]
[SourceDate "2019.10.17"]
[SourceVersion "1"]
[SourceVersionDate "2019.10.17"]
[SourceQuality "1"]

1. Nf3 c5 2. g3 Nc6 3. Bg2 g6 4. 0-0 Bg7 5. d3 d5 6. Nbd2 e5 7. c3 Nge7 8. e4 0-0 9. exd5 Nxd5 10. Re1 Qc7 11. Qb3 Rd8 12. Nc4 Nb6 13. Be3 Be6 14. Ng5 Bxc4 15. dxc4 Na5 16. Qb5 Naxc4 17. Bxc5 Nxb2 18. Bxb6 Qxb6 19. Qe2 Bh6 20. h4 Bxg5 21. hxg5 Nd3 22. Reb1 Qc5 23. Rxb7 Qxc3 24. Rf1 Nc5 25. Rc7 Rac8 26. Rxa7 e4 27. Bxe4 Rd2 28. Qf3 Qc4 29. Re1 Re8 30. Kh2 1-0

[Event "Benidorm op U2300 17th"]
[Site "Benidorm"]
[Date "2018.12.08"]
[Round "10"]
[White "Gromovs, Sergejs"]
[Black "Lornye, Pylyp"]
[Result "0-1"]
[WhiteElo "2175"]
[BlackElo "2241"]
[PlyCount "66"]
[EventDate "2018.11.30"]
[EventType "swiss"]
[EventRounds "10"]
[EventCountry "ESP"]
[SourceTitle "EXT 2022"]
[Source "ChessBase"]
[SourceDate "2021.10.06"]
[SourceVersion "1"]
[SourceVersionDate "2021.10.06"]
[SourceQuality "1"]

1. d4 g6 2. c4 Nf6 3. Nc3 Bg7 4. e4 d6 5. Nf3 0-0 6. Be2 e5 7. 0-0 exd4 8. Nxd4 Re8 9. f3 Nc6 10. Be3 Nh5 11. Qd2 Nxd4 12. Bxd4 Nf4 13. Rfd1 Bxd4+ 14. Qxd4 Bd7 15. Bf1 Ne6 16. Qd2 Bc6 17. b4 b6 18. Nd5 Rf8 19. g3 a5 20. a3 axb4 21. axb4 Rxa1 22. Rxa1 Bxd5 23. cxd5 Qf6 24. Ra3 Nd4 25. f4 Re8 26. Qd3 c5 27. Ra6 c4 28. Qxc4 Nf3+ 29. Kh1 Nd2 30. Qc6 Qe7 31. e5 Nxf1 32. Ra8 Rxa8 33. Qxa8+ Kg7 0-1

[Event "Benidorm op U2300 17th"]
[Site "Benidorm"]
[Date "2018.12.03"]
[Round "4"]
[White "Carbonell Sancho, Marc"]
[Black "Lornye, Pylyp"]
[Result "0-1"]
[WhiteElo "2146"]
[BlackElo "2241"]
[PlyCount "78"]
[EventDate "2018.11.30"]
[EventType "swiss"]
[EventRounds "10"]
[EventCountry "ESP"]
[SourceTitle "EXT 2022"]
[Source "ChessBase"]
[SourceDate "2021.10.06"]
[SourceVersion "1"]
[SourceVersionDate "2021.10.06"]
[SourceQuality "1"]

1. e4 d6 2. d4 Nf6 3. Nc3 g6 4. f3 Bg7 5. Be3 c6 6. Qd2 b5 7. h4 b4 8. Nce2 a5 9. g4 h5 10. g5 Nfd7 11. Ng3 e5 12. a3 bxa3 13. Rxa3 0-0 14. N1e2 Nb6 15. b3 N8d7 16. Bg2 a4 17. 0-0 Re8 18. f4 exf4 19. Nxf4 Rb8 20. Qe2 axb3 21. Rxb3 Ra8 22. Qf3 Ba6 23. Rf2 Bc4 24. Rb1 c5 25. c3 cxd4 26. cxd4 Ra3 27. Rd1 Qe7 28. Bf1 Bxd4 29. Rxd4 Ne5 30. Qg2 Rxe3 31. Nfxh5 Ra8 32. Nf6+ Kh8 33. Bxc4 Nbxc4 34. Nf1 Qa7 35. Rd1 Rf3 36. Nd5 Qc5 37. Nd2 Nxd2 38. Rdxd2 Ra1+ 39. Kh2 Ng4+ 0-1

[Event "Lvov Cup IM"]
[Site "Lvov"]
[Date "2018.08.25"]
[Round "7"]
[White "Anwesh, Upadhyaya"]
[Black "Lornye, Pylyp"]
[Result "1-0"]
[WhiteElo "2377"]
[BlackElo "2290"]
[PlyCount "49"]
[EventDate "2018.08.21"]
[EventType "tourn"]
[EventRounds "9"]
[EventCountry "UKR"]
[SourceTitle "CBM 186 Extra"]
[Source "ChessBase"]
[SourceDate "2018.08.24"]
[SourceVersion "1"]
[SourceVersionDate "2018.08.24"]
[SourceQuality "1"]

1. c4 Nf6 2. g3 g6 3. Bg2 Bg7 4. Nc3 0-0 5. e4 d6 6. Nge2 e5 7. 0-0 Nc6 8. d3 Nd7 9. Be3 Nc5 10. f4 exf4 11. gxf4 f5 12. e5 g5 13. exd6 Qxd6 14. d4 Ne4 15. fxg5 Nxc3 16. bxc3 Qe7 17. Bf4 Nd8 18. Ng3 Ne6 19. Qd2 Nxf4 20. Qxf4 c6 21. Nh5 Bh8 22. Rae1 Qf7 23. Qh4 Be6 24. d5 cxd5 25. Rxe6 1-0

[Event "Lvov Cup IM"]
[Site "Lvov"]
[Date "2018.08.25"]
[Round "8"]
[White "Kyrychenko, Maryan"]
[Black "Lornye, Pylyp"]
[Result "1/2-1/2"]
[WhiteElo "2198"]
[BlackElo "2290"]
[PlyCount "140"]
[EventDate "2018.08.21"]
[EventType "tourn"]
[EventRounds "9"]
[EventCountry "UKR"]
[SourceTitle "CBM 186 Extra"]
[Source "ChessBase"]
[SourceDate "2018.08.24"]
[SourceVersion "1"]
[SourceVersionDate "2018.08.24"]
[SourceQuality "1"]

1. e4 c5 2. Nc3 d6 3. f4 g6 4. Nf3 Bg7 5. Bb5+ Bd7 6. Bxd7+ Qxd7 7. d3 Nf6 8. 0-0 0-0 9. Qe1 Nc6 10. Qh4 Nb4 11. Rf2 Qg4 12. Qxg4 Nxg4 13. Re2 Nc6 14. h3 Nf6 15. Be3 b6 16. Bf2 Nh5 17. g3 e5 18. f5 Bh6 19. Nd5 Rad8 20. Kh2 f6 21. Nh4 Kf7 22. Rf1 g5 23. Ng2 Rg8 24. Nge3 Rd7 25. c3 Bf8 26. a4 Ng7 27. b4 h5 28. Rb2 Ne8 29. a5 bxa5 30. b5 Ne7 31. Ra1 Nxd5 32. Nxd5 Nc7 33. b6 axb6 34. Nxb6 Rd8 35. Rxa5 Rg7 36. d4 cxd4 37. cxd4 h4 38. Ra7 hxg3+ 39. Kxg3 Kg8 40. d5 Ne8 41. Rba2 Nc7 42. R2a5 Rb8 43. Kg4 Rf7 44. Kf3 Rh7 45. Kg2 Bh6 46. Ra1 g4 47. hxg4 Bf4 48. Nc4 Rb4 49. Nxd6 Rb2 50. Rh1 Rg7 51. Rb7 Rxb7 52. Nxb7 Nxd5 53. Nd6 Nc3 54. Ne8 Rf7 55. Kf3 Rb7 56. Nd6 Rb1 57. Be3 Rb3 58. Bxf4 Nb5+ 59. Be3 Nxd6 60. Rc1 Rb4 61. g5 fxg5 62. Bxg5 Nxe4 63. Rc8+ Kg7 64. Rc7+ Kf8 65. Rc8+ Kf7 66. Rc7+ Ke8 67. Be3 Nf6 68. Rc5 Nd7 69. Rc8+ Ke7 70. Rc6 Rb8 1/2-1/2

[Event "Lvov Cup IM"]
[Site "Lvov"]
[Date "2018.08.23"]
[Round "4"]
[White "Lornye, Pylyp"]
[Black "Terletsky, Oleg"]
[Result "0-1"]
[WhiteElo "2290"]
[BlackElo "2184"]
[PlyCount "146"]
[EventDate "2018.08.21"]
[EventType "tourn"]
[EventRounds "9"]
[EventCountry "UKR"]
[SourceTitle "CBM 186 Extra"]
[Source "ChessBase"]
[SourceDate "2018.08.24"]
[SourceVersion "1"]
[SourceVersionDate "2018.08.24"]
[SourceQuality "1"]

1. Nf3 Nf6 2. g3 g6 3. Bg2 Bg7 4. 0-0 0-0 5. d3 d5 6. Nbd2 c5 7. c3 Nc6 8. e4 e6 9. Re1 b6 10. exd5 exd5 11. Nf1 Bb7 12. Bf4 Nh5 13. Bg5 Qd7 14. Qd2 Rfe8 15. Bh6 Bh8 16. Rxe8+ Rxe8 17. Re1 Rxe1 18. Qxe1 d4 19. Ng5 Bg7 20. Bxg7 Nxg7 21. Nd2 h6 22. Nde4 Qd8 23. Nh3 f5 24. Nd2 dxc3 25. bxc3 Qxd3 26. Nf4 Qxc3 27. Nxg6 Qf6 28. Nf4 Ba6 29. Bd5+ Kh7 30. Bxc6 Qxc6 31. Qe7 Bb7 32. f3 c4 33. Kg2 Kg8 34. Ng6 c3 35. Qd8+ Qe8 36. Qxe8+ Nxe8 37. Nb3 Kf7 38. Nf4 Nf6 39. Ne2 Nd5 40. Ned4 Kf6 41. Kf2 Ba6 42. f4 Bc4 43. Nc1 b5 44. Nc6 b4 45. Na5 Bb5 46. Nab3 h5 47. h3 h4 48. Na5 Kg6 49. Kf3 hxg3 50. Kxg3 Kh5 51. Nab3 Ba4 52. Nd4 Bd7 53. Ndb3 Ba4 54. Nd4 Ne7 55. Kf3 a5 56. Ke2 Kh4 57. Kd3 Kxh3 58. Kc4 Kg4 59. Nd3 Nc6 60. Ne6 Kf3 61. Nec5 Bd1 62. Kb5 Be2 63. Kxc6 Bxd3 64. Nxd3 Ke3 65. Ne1 Kd2 66. Nf3+ Ke2 67. Nd4+ Kd3 68. Nf3 a4 69. Kb5 b3 70. Ne5+ Kc2 71. axb3 axb3 72. Nc4 b2 73. Na3+ Kb3 0-1

[Event "Krakow op-A 27th"]
[Site "Krakow"]
[Date "2017.01.04"]
[Round "9"]
[White "Lornye, Pylyp"]
[Black "Marszalek, Maciej"]
[Result "1/2-1/2"]
[WhiteElo "2232"]
[BlackElo "2314"]
[PlyCount "47"]
[EventDate "2016.12.27"]
[EventType "swiss"]
[EventRounds "9"]
[EventCountry "POL"]
[SourceTitle "CBM 176 Extra"]
[Source "ChessBase"]
[SourceDate "2017.03.02"]
[SourceVersion "1"]
[SourceVersionDate "2017.03.02"]
[SourceQuality "1"]

1. Nf3 Nf6 2. g3 g6 3. Bg2 Bg7 4. 0-0 0-0 5. d3 d5 6. Nbd2 c5 7. e4 Nc6 8. c3 dxe4 9. dxe4 h6 10. Qe2 Be6 11. Ne1 Qc8 12. Nd3 b6 13. Nf4 Bg4 14. f3 Bd7 15. e5 Ne8 16. e6 Bxe6 17. Nxe6 Qxe6 18. Qxe6 fxe6 19. f4 Rc8 20. Re1 e5 21. Nc4 Nd6 22. Nxe5 Nxe5 23. fxe5 Nf5 24. Be3 1/2-1/2

[Event "Krakow op-A 27th"]
[Site "Krakow"]
[Date "2016.12.29"]
[Round "3"]
[White "Lornye, Pylyp"]
[Black "Eggink, Ryszard"]
[Result "1-0"]
[WhiteElo "2232"]
[BlackElo "2361"]
[PlyCount "54"]
[EventDate "2016.12.27"]
[EventType "swiss"]
[EventRounds "9"]
[EventCountry "POL"]
[SourceTitle "CBM 176 Extra"]
[Source "ChessBase"]
[SourceDate "2017.03.02"]
[SourceVersion "1"]
[SourceVersionDate "2017.03.02"]
[SourceQuality "1"]

1. Nf3 Nf6 2. g3 e6 3. Bg2 d5 4. 0-0 Be7 5. c4 dxc4 6. Na3 0-0 7. Nxc4 c5 8. d3 Nbd7 9. Bd2 Nd5 10. a3 b5 11. Ne3 Bb7 12. Nxd5 Bxd5 13. Bf4 Qb6 14. Qd2 Rfd8 15. Rac1 a5 16. Qe3 f6 17. g4 e5 18. Bg3 Qe6 19. g5 Kh8 20. gxf6 gxf6 21. Qh6 Rg8 22. e4 Bc6 23. Bh3 Qf7 24. Bf5 Bf8 25. Qh4 Re8 26. Kh1 Nb8 27. Rg1 Bd7 1-0

[Event "Krakow op-A 27th"]
[Site "Krakow"]
[Date "2016.12.29"]
[Round "4"]
[White "Zubarev, Alexander2222"]
[Black "Lornye, Pylyp"]
[Result "1-0"]
[WhiteElo "2508"]
[BlackElo "2232"]
[PlyCount "55"]
[EventDate "2016.12.27"]
[EventType "swiss"]
[EventRounds "9"]
[EventCountry "POL"]
[SourceTitle "CBM 176 Extra"]
[Source "ChessBase"]
[SourceDate "2017.03.02"]
[SourceVersion "1"]
[SourceVersionDate "2017.03.02"]
[SourceQuality "1"]

1. d4 g6 2. e4 d6 3. c4 Nf6 4. Nc3 Bg7 5. Nf3 0-0 6. Be2 e5 7. d5 a5 8. Bg5 h6 9. Be3 Na6 10. Nd2 Nc5 11. a3 Bd7 12. b4 axb4 13. axb4 Rxa1 14. Qxa1 Na6 15. Qa3 Ng4 16. Bxg4 Bxg4 17. 0-0 h5 18. c5 Bf6 19. c6 Bg5 20. cxb7 Nb8 21. Nc4 Bd7 22. Bxg5 Qxg5 23. Qc1 Qe7 24. b5 f5 25. Na5 fxe4 26. Nc6 Qf7 27. Qe3 Kh7 28. Ra1 1-0

[Event "Lvov Winter Cup"]
[Site "Lvov"]
[Date "2016.02.06"]
[Round "3"]
[White "Medvedyk, Volodymyr"]
[Black "Lornye, Pylyp"]
[Result "0-1"]
[WhiteElo "1862"]
[BlackElo "2219"]
[PlyCount "108"]
[EventDate "2016.02.05"]
[EventType "swiss"]
[EventRounds "7"]
[EventCountry "UKR"]
[SourceTitle "EXT 2017"]
[Source "ChessBase"]
[SourceDate "2016.10.25"]
[SourceVersion "1"]
[SourceVersionDate "2016.10.25"]
[SourceQuality "1"]

1. Nf3 Nf6 2. g3 g6 3. Bg2 Bg7 4. 0-0 0-0 5. c4 d6 6. Nc3 Nbd7 7. d3 c6 8. Rb1 a5 9. a3 e5 10. Nd2 Nb6 11. b4 axb4 12. axb4 d5 13. b5 d4 14. Nce4 Nxe4 15. Nxe4 Na4 16. bxc6 bxc6 17. Qc2 f5 18. Ra1 fxe4 19. Rxa4 exd3 20. exd3 Rxa4 21. Qxa4 Bf5 22. Rd1 Bg4 23. f3 Bxf3 24. Bxf3 Rxf3 25. Qxc6 Rf6 26. Bg5 Rxc6 27. Bxd8 e4 28. dxe4 Rxc4 29. Ba5 Kf7 30. Kf2 Ke6 31. Ke2 Ra4 32. Bc7 Be5 33. Bb6 Rb4 34. Bc5 Rc4 35. Bb6 Bf6 36. Kd3 Rc3+ 37. Kd2 Ke5 38. Ba5 Bg5+ 39. Ke2 Re3+ 40. Kf2 Kxe4 41. h4 Bf6 42. Bb6 Be5 43. g4 Rf3+ 44. Kg2 Rg3+ 45. Kf2 Rxg4 46. Rh1 Bg3+ 47. Kg2 Bxh4+ 48. Kh3 h5 49. Rd1 Bf2 50. Bc5 Kf3 51. Rd3+ Be3 52. Bd6 g5 53. Bg3 Rxg3+ 54. Kh2 Rg4 0-1

[Event "Benidorm op U2300 14th"]
[Site "Benidorm"]
[Date "2015.11.30"]
[Round "3"]
[White "Lornye, Pylyp"]
[Black "Bomans, Arno"]
[Result "0-1"]
[WhiteElo "2210"]
[BlackElo "2272"]
[PlyCount "48"]
[EventDate "2015.11.28"]
[EventType "swiss"]
[EventRounds "10"]
[EventCountry "ESP"]
[SourceTitle "CBM 169 Extra"]
[Source "ChessBase"]
[SourceDate "2015.12.18"]
[SourceVersion "1"]
[SourceVersionDate "2015.12.18"]
[SourceQuality "1"]

1. Nf3 f5 2. e4 fxe4 3. Ng5 Nc6 4. d3 e3 5. Bxe3 e5 6. Be2 Nf6 7. 0-0 Be7 8. f4 0-0 9. fxe5 Nd5 10. Rxf8+ Qxf8 11. Bc1 Nf4 12. Nf3 d6 13. Bxf4 Qxf4 14. exd6 Bxd6 15. Qd2 Nd4 16. Bd1 Nxf3+ 17. Bxf3 Qd4+ 18. Kf1 Qxb2 19. Qe1 Bd7 20. Nd2 Qxc2 21. Qe2 Re8 22. Be4 Qc5 23. Nf3 Bc6 24. Re1 Rxe4 0-1

[Event "Varna op-A 9th"]
[Site "Varna"]
[Date "2015.06.29"]
[Round "4"]
[White "Abdulov, Orkhan Javanshir"]
[Black "Lornye, Pylyp"]
[Result "1-0"]
[WhiteElo "2350"]
[BlackElo "2214"]
[PlyCount "91"]
[EventDate "2015.06.26"]
[EventType "swiss"]
[EventRounds "9"]
[EventCountry "BUL"]
[SourceTitle "CBM 167 Extra"]
[Source "ChessBase"]
[SourceDate "2015.09.14"]
[SourceVersion "1"]
[SourceVersionDate "2015.09.14"]
[SourceQuality "1"]

1. e4 d6 2. d4 Nf6 3. Nc3 g6 4. f4 Bg7 5. Nf3 0-0 6. Bd3 Nc6 7. e5 dxe5 8. fxe5 Ng4 9. Ne2 Nb4 10. Be4 f5 11. Bd3 c5 12. h3 Nh6 13. Bc4+ e6 14. c3 Nd5 15. 0-0 cxd4 16. cxd4 Nf7 17. Qb3 g5 18. g4 f4 19. Nc3 Nc7 20. Qc2 b5 21. Bd3 h6 22. Ne4 Bb7 23. Bd2 Rc8 24. Ba5 Qe7 25. Qc5 Qxc5 26. Nxc5 Bd5 27. Rac1 Na6 28. Nxa6 Rxc1 29. Rxc1 Bxf3 30. Bxb5 h5 31. gxh5 Bxh5 32. Nc5 Rb8 33. Bd3 g4 34. hxg4 Bxg4 35. Nd7 Re8 36. Bg6 Ra8 37. Nf6+ Bxf6 38. exf6 Nh8 39. Be4 Rb8 40. Rc7 Nf7 41. Bg6 Ng5 42. Bb4 Kh8 43. Bd6 e5 44. f7 Nxf7 45. Rxf7 Rxb2 46. Bh7 1-0